| 000 | 00458pab a2200169 454500 | ||
|---|---|---|---|
| 008 | 180718b2002 xxu||||| |||| 00| 0 eng d | ||
| 100 | _aHui Huang | ||
| 245 | _aOverseas studies and the rise of foreign cultural capital in modern China | ||
| 260 | _c2002 | ||
| 300 | _ap.35-55 | ||
| 362 | _aMar | ||
| 650 | _aCulture - China | ||
| 650 | _aEuropean cultures - China | ||
| 650 | _aEuropean cultures | ||
| 773 | _aInternational Sociology | ||
| 909 | _a52132 | ||
| 999 |
_c52132 _d52132 |
||